Herby gmin powiatu bialskiego - Statystyki

Ogólne statystyki
  • Ten quiz został rozwiązany 5 razy
  • Średni wynik to 5 z 19
Statystyki odpowiedzi
Obrazkowy Odpowiedź % Poprawnych
Biała Podlaska
80%
Drelów
60%
Międzyrzec Podlaski
60%
m. Międzyrzec Podlaski
60%
Janów Podlaski
40%
Łomazy
40%
m. Terespol
40%
Kodeń
20%
Piszczac
20%
Rokitno
20%
Sławatycze
20%
Terespol
20%
Zalesie
20%
Kostantynów
0%
Leśna Podlaska
0%
Rossosz
0%
Sosnówka
0%
Tuczna
0%
Wisznice
0%
Nie znaleziono quizów pasujących do podanych kryteriów
Rozkład punktacji
Procent ludzi z każdym wynikiem
Percentyl według liczby udzielonych odpowiedzi
Twoja historia wyników
Nie rozwiązałeś tego quizu